Alle Skins für Colt (Brawl Stars) - Statistiken

Allgemein
  • Dieses Quiz wurde 114 mal gespielt
    104 seit der letzten Aktualisierung
  • Das Durchschnittsergebnis liegt bei 4 aus 19
Antwortstatistiken
Colt Skin % Korrekt
Rockstar
51%
Dunkler Engel
48%
Gesetzloser
42%
Mecha Colt
41%
Banone
37%
Haifisch
26%
Stargold
26%
Starsilber
26%
Herrausforderer
21%
Dynastie Agent
19%
Korsar
19%
Revolverheld
10%
Glorreicher Mecha Colt
4%
River Plate
4%
Ruchloser Mecha Colt
4%
Club America
3%
Atl. National
1%
Cerro Porteno
1%
Maskierter
1%
Keine übereinstimmenden Quizze gefunden
Verteilung der Resultate
Anzahl Personen mit jedem Resultat
Perzentil nach korrekt beantworteten Fragen
Ihre Resultats-Entwicklung
Sie haben dieses Quiz seit der letzten Aktualisierung nicht gespielt